Normal view
MARC view
Entry Topical Term
001 - CONTROL NUMBER
- control field: 16409
003 - CONTROL NUMBER IDENTIFIER
- control field: OSt
005 - DATE AND TIME OF LATEST TRANSACTION
- control field: 20230120111937.0
008 - FIXED-LENGTH DATA ELEMENTS
- fixed length control field: 230120|| aca||aabn | a|a d
040 ## - CATALOGING SOURCE
- Original cataloging agency: OSt
- Transcribing agency: OSt
150 ## - HEADING--TOPICAL TERM
- Topical term or geographic name entry element: Cities and towns -- England -- Growth
670 ## - SOURCE DATA FOUND
- Source citation: Work cat.: (OSt): Walvin, James 16408, English urban life, 1776-1851, 1984
